| 000 | 01786nam a2200433Ii 4500 | ||
|---|---|---|---|
| 001 | DIGEDUNAV0280 | ||
| 003 | NyNyDIG | ||
| 006 | m o d | ||
| 007 | cr ||||||||||| | ||
| 008 | 220610s2016 sp ob 000 0 spa d | ||
| 035 | _a(OCoLC)1333701050 | ||
| 040 |
_aDGITA _beng _erda _epn _cDGITA |
||
| 020 | _z9788431331290 | ||
| 050 | 1 | 4 | _aB765.T54 ebook |
| 100 | 1 |
_aOliveira Astorga, Luiz Augusto de, _eauthor. |
|
| 245 | 1 | 3 |
_aEl intelecto de la sustancia separada : _bsu perfección y unidad según Tomás de Aquino / _cLuiz Augusto de Oliveira Astorga. |
| 264 | 1 |
_aPamplona, España : _bEUNSA, Ediciones Universidad de Navarra, _c[2016] |
|
| 300 | _a1 online resource. | ||
| 336 |
_atext _btxt _2rdacontent |
||
| 337 |
_acomputer _bc _2rdamedia |
||
| 338 |
_aonline resource _bcr _2rdacarrier |
||
| 347 |
_atext file _2rdaft |
||
| 347 | _bPDF | ||
| 490 | 1 |
_aColección de pensamiento medieval y renacentista ; _vno. 161 |
|
| 504 | _aIncludes bibliographical references. | ||
| 588 | 0 | _aOnline resource; title from PDF title page (Digitalia, viewed June 10, 2022) | |
| 600 | 0 | 0 |
_aThomas, _cAquinas, Saint, _d1225?-1274. |
| 650 | 0 | _aMetaphysics. | |
| 650 | 0 | _aCognition. | |
| 650 | 0 | _aIntellect. | |
| 655 | 0 | _aElectronic books. | |
| 791 | 2 |
_aDigitalia (Firm), _edistributor. |
|
| 793 | 0 |
_gDigitalia eBook Collection: _aEdiciones Universidad de Navarra |
|
| 776 | 0 | 8 |
_iPrint version: _aOliveira Astorga, Luiz Augusto de. _tIntelecto de la sustancia separada. _dPamplona, España : EUNSA, Ediciones Universidad de Navarra, [2016] _z9788431331290 |
| 830 | 0 |
_aColección de pensamiento medieval y renacentista ; _vnúm. 161. |
|
| 856 | 4 | 0 |
_3Digitalia Hispánica _uhttps://www.digitaliapublishing.com/a/51663/ |
| 910 | _aPremium collection: 2022 | ||
| 942 | _cRAA | ||
| 999 |
_c252785 _d252785 |
||